00371pab a2200133 454500008004000000100001900040245008800059260000900147300001200156362000800168650001500176700001500191773003100206180718b2010 xxu||||| |||| 00| 0 eng d aNeumark, David aDo enterprise zones create jobs? Evidence from California's enterprise zone program c2010 ap.1-19. aJul aEmployment aKolko, Jed aJournal of Urban Economics